Гистология с основами эмбриологии. Ч. 2: Развитие и строение органов (Запись № 9465504)

Подробности
000 -МАРКЕР
контрольное поле 01646nam2a22002651 4500
001 - ИДЕНТИФИКАТОР ЗАПИСИ
контрольное поле rc\4099774
005 - ИДЕНТИФИКАТОР ВЕРСИИ
контрольное поле 20250611091446.0
021 ## - НОМЕР ГОСУДАРСТВЕННОЙ РЕГИСТРАЦИИ
Код страны Российская Федерация
Номер [47-21415]
035 ## - ДРУГИЕ СИСТЕМНЫЕ НОМЕРА
Идентификатор записи (NLR Aleph) 008137915
100 ## - ДАННЫЕ ОБЩЕЙ ОБРАБОТКИ
Данные общей обработки 20130415d1947 |||y0rusy50 ca
101 0# - ЯЗЫК РЕСУРСА
Язык текста, звукозаписи и т.д. русский
102 ## - СТРАНА ПУБЛИКАЦИИ ИЛИ ПРОИЗВОДСТВА
Страна публикации Российская Федерация
105 ## - ПОЛЕ КОДИРОВАННЫХ ДАННЫХ: ТЕКСТОВЫЕ МАТЕРИАЛЫ, МОНОГРАФИЧЕСКИЕ
Кодированные данные о монографическом текстовом документе a z |||||
200 1# - ЗАГЛАВИЕ И СВЕДЕНИЯ ОБ ОТВЕТСТВЕННОСТИ
Основное заглавие Развитие и строение органов
210 ## - ПУБЛИКАЦИЯ, РАСПРОСТРАНЕНИЕ И ДР.
Место издания, распространения и т.д. Москва
Дата издания, распространения и т.д. 1947
215 ## - ФИЗИЧЕСКАЯ ХАРАКТЕРИСТИКА
Специфическое обозначение материала и объем 108 с.
Другие сведения о физической характеристике ил.
300 ## - ОБЩИЕ ПРИМЕЧАНИЯ
Текст примечания На обороте тит. л. указаны авт.: доц. Л.Б. Левинсон, проф. С.И. Кулаев и Е.И. Смирнова
461 #0 - УРОВЕНЬ НАБОРА
Встроенное поле 001rc\4099772
-- 2001#$aГистология с основами эмбриологии$eМетод. указания с кратким изложением курса для заочников пед. ин-тов$eЧ. 1-$fГл. упр. высш. учеб. заведений М-ва просвещения РСФСР. Науч.-метод. кабинет по заоч. обучению учителей$vЧ. 2
Системный номер (АБИС) связанной записи 9465493
Место публикации Москва
Дата публикации 1947
Первые сведения об ответственности Гл. упр. высш. учеб. заведений М-ва просвещения РСФСР. Науч.-метод. кабинет по заоч. обучению учителей
Имя издателя, распространителя и т.д. Учпедгиз
Сведения, относящиеся к заглавию Метод. указания с кратким изложением курса для заочников пед. ин-тов : Ч. 1-
Заглавие Гистология с основами эмбриологии
Номер тома Ч. 2
606 ## - НАИМЕНОВАНИЕ ТЕМЫ КАК ПРЕДМЕТ
Наименование темы Органы (ч. 2)
Код системы psbo
801 #0 - ИСТОЧНИК ЗАПИСИ
Страна Российская Федерация
Организация NLR
Правила каталогизации psbo
801 #1 - ИСТОЧНИК ЗАПИСИ
Страна Российская Федерация
Организация ELAR
Источник данных rusmarc
852 ## - МЕСТОНАХОЖДЕНИЕ И ШИФР ХРАНЕНИЯ
Идентификатор организации NLR
Шифр хранения (Call Number) З-02 Г-3/17
942 ## - ДОПОЛНИТЕЛЬНЫЕ ЭЛЕМЕНТЫ ЗАПИСИ (АБИС)
Тип экземпляра АБИС Книга
980 ## - КОЛЛЕКЦИЯ
Название коллекции Национальная библиография
Экземпляры
Тип экземпляра Дата поступления Библиотека постоянного хранения Библиотека текущего хранения Место хранения Шифр хранения Штрих-код Статус экземпляра
Книга 26.10.2013 РНБ (Садовая) РНБ (Садовая) Русский книжный фонд -Главное здание, Ленинский читальный зал З02 Г-3/17 8137915-10